000
00246nam a2200109 4500
999
_c
9692
_d
9692
003
OSt
005
20211216122900.0
008
211216b ||||| |||| 00| 0 eng d
245
_a
Samaya
260
_a
School of Planning and Architecture
942
_2
ddc